000
00285 a2200121 4500
020
_a
0852974604
090
_c
171
_d
171
100
_a
Brian Coyle
245
_a
Mergers and acquisitions
260
_a
Canterbury
_b
CIB Publishing
_c
1988
300
_a
124 P
942
_a
NBS
_c
BK
_k
658.15 COY
999
_c
342745
_d
342745